| 000 | 01039nam0a22002411 4500 | ||
|---|---|---|---|
| 001 | rc\994055 | ||
| 005 | 20260407095314.0 | ||
| 035 | _a(NLR Aleph) 006161008 | ||
| 090 |
_a5862829 _c5862829 |
||
| 100 | _a20041129d1981 |||y0rusy50 ca | ||
| 101 | 0 | _arus | |
| 102 | _aRU | ||
| 105 | _ay ||||||||| | ||
| 200 | 1 |
_aКПСС - организатор аграрных преобразований на Северном Кавказе _eМежвуз. сб. статей _fСев.-Осет. гос. ун-т им. К.Л. Хетагурова _g[Редкол.: Гиоев М.И. (отв. ред.) и др.] |
|
| 210 |
_aОрджоникидзе _cСев.-Осет. ун-т _d1981 |
||
| 215 |
_a141 с. _d21 |
||
| 702 | 1 |
_aГиоев _bМ.И. _gМихаил Ильич _4340 |
|
| 712 | 0 | 2 |
_aСеверо-Осетинский университет им. К. Л. Хетагурова _cОрджоникидзе _3RU\NLR\AUTH\889922571 _9341127 |
| 801 | 0 |
_aRU _bNLR _gpsbo |
|
| 801 | 1 |
_aRU _bELAR _2rusmarc |
|
| 852 |
_aNLR _j82-5/2144 |
||
| 942 | _cBOOK | ||
| 980 | _aNB | ||